[Event "12.PSF-A"]
[Site "Prague"]
[Date "2016.06.23"]
[Round "6.11"]
[White "Pribylova, Sofie"]
[Black "Ayriyan, Bella"]
[Result "1/2-1/2"]
[WhiteElo "1854"]
[BlackElo "1858"]
[PlyCount "75"]
[EventDate "2016.06.25"]
[EventType "swiss"]
[EventRounds "9"]
[EventCountry "CZE"]

1. d4 e6 2. Bf4 c5 3. e3 Nc6 4. Nf3 cxd4 5. exd4 Qb6 6. b3 d5 7. c3 Bd7 8. Bd3
Nf6 9. O-O Ne4 10. Bxe4 dxe4 11. Nfd2 f5 12. Nc4 Qd8 13. d5 exd5 14. Qxd5 Qf6
15. Nba3 Bxa3 16. Nxa3 Qe6 17. Qxe6+ Bxe6 18. Nb5 Kf7 19. Nd6+ Kf6 20. Nxb7 g5
21. Bd2 f4 22. Nc5 Bf5 23. Rfe1 Rad8 24. Bc1 Rd5 25. Ba3 Re8 26. Rad1 Red8 27.
Rxd5 Rxd5 28. g4 Ne5 29. gxf5 Nf3+ 30. Kf1 Nxe1 31. Kxe1 Kxf5 32. Ke2 h5 33. c4
f3+ 34. Ke3 Rd1 35. Bb4 g4 36. Nxe4 h4 37. Nd6+ Ke6 38. c5 1/2-1/2

[Event "12.PSF-A"]
[Site "Prague"]
[Date "2016.06.23"]
[Round "6.12"]
[White "Fabian, Jan"]
[Black "Docekalova, Alexandra"]
[Result "0-1"]
[WhiteElo "1302"]
[BlackElo "1855"]
[PlyCount "60"]
[EventDate "2016.06.25"]
[EventType "swiss"]
[EventRounds "9"]
[EventCountry "CZE"]

1. e4 e6 2. d4 d5 3. Nc3 dxe4 4. Nxe4 Nd7 5. Nf3 Ngf6 6. Bd3 Be7 7. c3 a6 8.
Qe2 O-O 9. Bd2 c5 10. O-O-O Qc7 11. Kb1 b5 12. dxc5 Nxc5 13. Nxc5 Qxc5 14. Be3
Qc7 15. Bd4 Bb7 16. Be5 Qc8 17. h3 Rd8 18. Bc2 Nd5 19. h4 f6 20. Ng5 fxg5 21.
Bxh7+ Kxh7 22. hxg5+ Kg8 23. Rh8+ Kxh8 24. Rh1+ Kg8 25. Qh5 Nxc3+ 26. Bxc3 Rd1+
27. Rxd1 Be4+ 28. Ka1 Qe8 29. Qh4 Qg6 30. f3 Bc6 0-1

[Event "12.PSF-A"]
[Site "Prague"]
[Date "2016.06.23"]
[Round "6.13"]
[White "Martirosyan, Ara"]
[Black "Pribyl, Viktor"]
[Result "1/2-1/2"]
[WhiteElo "1767"]
[BlackElo "1892"]
[PlyCount "36"]
[EventDate "2016.06.25"]
[EventType "swiss"]
[EventRounds "9"]
[EventCountry "CZE"]

1. e4 c5 2. Nf3 d6 3. d4 cxd4 4. Nxd4 Nf6 5. Nc3 a6 6. Bc4 e6 7. Bb3 Be7 8. O-O
O-O 9. h3 Qc7 10. Be3 b5 11. a3 Bb7 12. f3 Re8 13. Qd2 Nbd7 14. Rfe1 Rac8 15.
Rad1 Nc5 16. Ba2 Red8 17. Qf2 Bf8 18. Bg5 Be7 1/2-1/2

[Event "12.PSF-A"]
[Site "Prague"]
[Date "2016.06.23"]
[Round "6.14"]
[White "Bartos, Miroslav"]
[Black "Fiser, Jiri"]
[Result "1-0"]
[WhiteElo "1862"]
[BlackElo "1981"]
[PlyCount "115"]
[EventDate "2016.06.25"]
[EventType "swiss"]
[EventRounds "9"]
[EventCountry "CZE"]

1. c4 c6 2. g3 d5 3. Bg2 Nf6 4. Nf3 g6 5. O-O Bg7 6. cxd5 cxd5 7. Nc3 O-O 8. d4
Nc6 9. b3 Ne4 10. Bb2 Bf5 11. e3 Nxc3 12. Bxc3 Be4 13. Bh3 Bxf3 14. Qxf3 e6 15.
Rfc1 h6 16. Bf1 a6 17. b4 Qd6 18. b5 axb5 19. Bxb5 Rfc8 20. a4 Qd8 21. Qe2 Na5
22. Qb2 Nc4 23. Qb1 Bf8 24. Bb4 Nd6 25. Rxc8 Rxc8 26. Bd3 Kg7 27. Bc5 Nc4 28.
Bxf8+ Qxf8 29. Qxb7 Rb8 30. Qc6 Rc8 31. Qb5 Rb8 32. Qc5 Qxc5 33. dxc5 Rc8 34.
Bxc4 dxc4 35. a5 Rxc5 36. a6 Rc8 37. a7 Ra8 38. Kf1 Kf6 39. Ke2 Ke5 40. f3 Kd5
41. Kd2 Kc5 42. Kc3 Kb5 43. Rb1+ Kc5 44. Rb7 f6 45. h4 h5 46. Rg7 e5 47. e4 f5
48. Rd7 fxe4 49. fxe4 Kc6 50. Re7 Kd6 51. Rg7 Kc5 52. Rf7 Rd8 53. Rd7 Ra8 54.
Rd5+ Kc6 55. Ra5 Kb6 56. Rxe5 Rxa7 57. Kxc4 Rg7 58. Kd5 1-0

[Event "12.PSF-A"]
[Site "Prague"]
[Date "2016.06.23"]
[Round "6.15"]
[White "Kozlova, Lucie"]
[Black "Giacometto, Mario"]
[Result "0-1"]
[WhiteElo "1636"]
[BlackElo "1906"]
[PlyCount "96"]
[EventDate "2016.06.25"]
[EventType "swiss"]
[EventRounds "9"]
[EventCountry "CZE"]

1. c4 f5 2. d4 Nf6 3. Nc3 g6 4. Bf4 d6 5. Qd2 Bg7 6. Nf3 O-O 7. Bh6 Na6 8. Bxg7
Kxg7 9. g3 c6 10. Bg2 Bd7 11. O-O Qe8 12. Rfe1 Qf7 13. b3 Ne4 14. Qe3 Nxc3 15.
Qxc3 Qf6 16. Qd2 f4 17. Qxf4 Qxf4 18. gxf4 Rxf4 19. e3 Rf6 20. Nd2 Nb4 21. Rf1
a5 22. a3 Na6 23. Ne4 Rff8 24. c5 d5 25. Nc3 Bf5 26. e4 Bxe4 27. Nxe4 dxe4 28.
Bxe4 Rad8 29. Rfd1 Rf4 30. f3 Nc7 31. Rd3 Ne6 32. Kg2 Rxe4 33. Kg3 Re2 34. b4
Rxd4 35. Rad1 Rxd3 36. Rxd3 axb4 37. axb4 Nf8 38. b5 Re5 39. bxc6 bxc6 40. Rc3
Nd7 41. f4 Rxc5 42. Re3 Kf6 43. Rd3 Rd5 44. Rc3 c5 45. Kf3 e5 46. fxe5+ Nxe5+
47. Ke2 c4 48. h3 Rd3 0-1

[Event "12.PSF-A"]
[Site "Prague"]
[Date "2016.06.23"]
[Round "6.16"]
[White "Ruzicka, Ondrej"]
[Black "Hacaperka, Michal"]
[Result "1/2-1/2"]
[WhiteElo "1927"]
[BlackElo "1861"]
[PlyCount "60"]
[EventDate "2016.06.25"]
[EventType "swiss"]
[EventRounds "9"]
[EventCountry "CZE"]

1. e4 c5 2. c3 Qa5 3. Na3 a6 4. Bc4 e6 5. Nf3 b5 6. Be2 Bb7 7. d3 Be7 8. O-O d6
9. Nc2 Nd7 10. Bf4 Ngf6 11. e5 dxe5 12. Nxe5 Rd8 13. Bf3 Qb6 14. Bxb7 Qxb7 15.
Qe2 O-O 16. Nxd7 Rxd7 17. d4 c4 18. Ne3 Qe4 19. Bg3 Nd5 20. Rfe1 Nf4 21. Bxf4
Qxf4 22. g3 Qe4 23. f3 Qg6 24. Ng4 Bd6 25. a4 h5 26. Ne5 Bxe5 27. Qxe5 Rd5 28.
Qe4 Qf6 29. f4 b4 30. Rad1 b3 1/2-1/2

[Event "12.PSF-A"]
[Site "Prague"]
[Date "2016.06.23"]
[Round "6.17"]
[White "Hernandez, Yanez Javier"]
[Black "Hejsek, Lukas"]
[Result "1-0"]
[WhiteElo "1919"]
[BlackElo "1633"]
[PlyCount "117"]
[EventDate "2016.06.25"]
[EventType "swiss"]
[EventRounds "9"]
[EventCountry "CZE"]

1. d4 c5 2. c3 e6 3. Bf4 Nf6 4. e3 Nc6 5. Nf3 d5 6. Bd3 Be7 7. Nbd2 O-O 8. O-O
Nh5 9. Ne5 Nxf4 10. exf4 cxd4 11. Nxc6 bxc6 12. cxd4 Qb6 13. Nb3 Ba6 14. Bxa6
Qxa6 15. Qd2 Qb6 16. Rfc1 Rab8 17. g3 Rfc8 18. Rc2 Rc7 19. Rac1 Rbc8 20. Nc5 h6
21. a3 Bxc5 22. Rxc5 Rb8 23. b4 a6 24. Qc3 Rbc8 25. a4 Rb8 26. b5 axb5 27. axb5
Rbc8 28. Kg2 Kf8 29. Rxc6 Rxc6 30. bxc6 Qc7 31. Qb4+ Qe7 32. Qb7 Qc7 33. Kf3
Ke7 34. g4 Kd8 35. g5 h5 36. Rc5 Qxb7 37. cxb7 Rb8 38. Rc8+ Rxc8 39. bxc8=Q+
Kxc8 40. f5 Kd7 41. Kf4 Kd6 42. h3 Ke7 43. Ke5 Kd7 44. fxe6+ fxe6 45. g6 Ke7
46. h4 Kd7 47. f3 Ke7 48. f4 Kd7 49. f5 exf5 50. Kxd5 f4 51. Ke4 f3 52. Kxf3
Kd6 53. Ke4 Ke6 54. d5+ Kf6 55. Kf4 Kxg6 56. Ke5 Kf7 57. Kf5 Ke7 58. Kg6 Kd6
59. Kxh5 1-0

[Event "12.PSF-A"]
[Site "Prague"]
[Date "2016.06.23"]
[Round "6.18"]
[White "Aubrecht, Petr"]
[Black "Mach, Petr"]
[Result "1-0"]
[WhiteElo "1890"]
[BlackElo "1699"]
[PlyCount "49"]
[EventDate "2016.06.25"]
[EventType "swiss"]
[EventRounds "9"]
[EventCountry "CZE"]

1. b3 e5 2. Bb2 Nc6 3. e3 Nf6 4. Nf3 d6 5. d4 e4 6. d5 exf3 7. dxc6 fxg2 8.
Bxg2 b6 9. c4 Bf5 10. Nc3 Be7 11. Nd5 Nxd5 12. cxd5 Bf6 13. Bd4 Bxd4 14. Qxd4
f6 15. Rg1 Qe7 16. f4 O-O 17. Kd2 Rfe8 18. Rae1 Be4 19. Bh3 f5 20. Rg5 g6 21.
Bxf5 Bxf5 22. Rxf5 gxf5 23. Rg1+ Kf8 24. Qh8+ Kf7 25. Qg7# 1-0

[Event "12.PSF-A"]
[Site "Prague"]
[Date "2016.06.24"]
[Round "7.1"]
[White "Ptacnikova, Lenka"]
[Black "Vichnar, David"]
[Result "1/2-1/2"]
[WhiteElo "2169"]
[BlackElo "2346"]
[PlyCount "70"]
[EventDate "2016.06.25"]
[EventType "swiss"]
[EventRounds "9"]
[EventCountry "CZE"]
[WhiteClock "0:14:48"]
[BlackClock "0:29:08"]

1. c4 c6 2. e4 d5 3. exd5 cxd5 4. d4 Nf6 5. Nc3 Nc6 6. Nf3 Bg4 7. cxd5 Nxd5 8.
Qb3 Bxf3 9. gxf3 e6 10. Qxb7 Nxd4 11. Bb5+ Nxb5 12. Qxb5+ Qd7 13. Nxd5 exd5 14.
Qxd7+ Kxd7 15. Be3 Bb4+ 16. Ke2 Rhc8 17. Rac1 a5 18. Rxc8 Rxc8 19. Rc1 Rxc1 20.
Bxc1 a4 21. Kd3 Bd6 22. h3 Be5 23. b3 axb3 24. axb3 Ke6 25. Be3 Bd6 26. Kd4 Bb4
27. Kd3 Kd6 28. Bd4 g6 29. Be3 f5 30. f4 Kc6 31. Kd4 Bf8 32. Kd3 Kb5 33. Kd4
Kc6 34. Kd3 Kb5 35. Kd4 Kc6 {Ke4} 1/2-1/2

[Event "12.PSF-A"]
[Site "Prague"]
[Date "2016.06.24"]
[Round "7.2"]
[White "Matras, Ondrej"]
[Black "Kulhanek, Tomas"]
[Result "1-0"]
[WhiteElo "2257"]
[BlackElo "2367"]
[PlyCount "103"]
[EventDate "2016.06.25"]
[EventType "swiss"]
[EventRounds "9"]
[EventCountry "CZE"]
[WhiteClock "0:23:39"]
[BlackClock "0:41:44"]

1. d4 d6 2. e4 Nf6 3. f3 c5 4. d5 e5 5. Be3 Be7 6. Qd2 O-O 7. a4 Ne8 8. Bd3 h6
9. Ne2 Bg5 10. Bxg5 Qxg5 11. Qxg5 hxg5 12. g4 g6 13. h4 gxh4 14. Rxh4 Kg7 15.
Na3 Rh8 16. Rxh8 Kxh8 17. Nc3 Kg7 18. Bb5 Nd7 19. a5 a6 20. Ba4 Kf8 21. Nc4 Rb8
22. Nd1 b5 23. axb6 Nxb6 24. Nxb6 Rxb6 25. Ne3 Rb4 26. b3 Nc7 27. Nc4 Ke7 28.
Kd2 Bd7 29. Bxd7 Kxd7 30. Rh1 Rb8 31. Na5 Rf8 32. Rh7 Nb5 33. c3 Na7 34. Kc2
Nc8 35. Nc4 Kc7 36. Kb2 Nb6 37. Na5 Nd7 38. Nc4 Nb6 39. Na5 Nd7 40. Ka3 Nb6 41.
Rg7 Nd7 42. Nc4 Nb6 43. Ne3 Kd7 44. g5 Ke7 45. Ng4 Rh8 46. Nh6 Rxh6 47. gxh6
Kf8 48. Kb2 Nd7 49. Ka2 Nf6 50. Ka3 Nh5 51. Ka4 Nxg7 52. h7 1-0

[Event "12.PSF-A"]
[Site "Prague"]
[Date "2016.06.24"]
[Round "7.3"]
[White "Vardan, Nagpal"]
[Black "Kiss, Pal"]
[Result "1/2-1/2"]
[WhiteElo "1864"]
[BlackElo "2290"]
[PlyCount "60"]
[EventDate "2016.06.25"]
[EventType "swiss"]
[EventRounds "9"]
[EventCountry "CZE"]
[WhiteClock "0:25:47"]
[BlackClock "0:18:52"]

1. d4 d5 2. c4 dxc4 3. e3 c5 4. Bxc4 cxd4 5. exd4 Qc7 6. Bb3 Bg4 7. f3 Bd7 8.
Ne2 e6 9. Bf4 Bd6 10. Bxd6 Qxd6 11. Nbc3 Nf6 12. d5 exd5 13. Nxd5 Nxd5 14. Qxd5
Qxd5 15. Bxd5 Bc6 16. O-O-O Bxd5 17. Rxd5 Nd7 18. Nc3 Rc8 19. Re1+ Kd8 20. Red1
Rc7 21. Kb1 a6 22. Ne4 Re8 23. R5d2 f6 24. Nd6 Re6 25. b4 g6 26. Kb2 Ke7 27.
Nc8+ Kd8 28. Nd6 Ke7 29. Nc8+ Kd8 30. Nd6 Ke7 1/2-1/2

[Event "12.PSF-A"]
[Site "Prague"]
[Date "2016.06.24"]
[Round "7.4"]
[White "Istona, Martin"]
[Black "Postupa, Pavel"]
[Result "1/2-1/2"]
[WhiteElo "2173"]
[BlackElo "2241"]
[PlyCount "49"]
[EventDate "2016.06.25"]
[EventType "swiss"]
[EventRounds "9"]
[EventCountry "CZE"]
[WhiteClock "0:33:24"]
[BlackClock "0:56:31"]

1. e4 c5 2. Nf3 d6 3. d4 cxd4 4. Nxd4 Nf6 5. Nc3 a6 6. Be3 e5 7. Nf3 h6 8. a4
Be6 9. Be2 Be7 10. O-O Nbd7 11. a5 Rc8 12. Re1 O-O 13. Nd2 d5 14. exd5 Nxd5 15.
Nxd5 Bxd5 16. Bf3 Bxf3 17. Nxf3 Qc7 18. c3 Rfe8 19. Qd5 Bf8 20. Bb6 Nxb6 21.
axb6 Qc6 22. Rxe5 Rxe5 23. Qxc6 Rxc6 24. Nxe5 Rxb6 25. Nd3 1/2-1/2

[Event "12.PSF-A"]
[Site "Prague"]
[Date "2016.06.24"]
[Round "7.5"]
[White "Gregor, Jiri"]
[Black "Pochinkov, Andrey"]
[Result "1-0"]
[WhiteElo "2234"]
[BlackElo "2125"]
[PlyCount "125"]
[EventDate "2016.06.25"]
[EventType "swiss"]
[EventRounds "9"]
[EventCountry "CZE"]

1. d4 Nf6 2. c4 e6 3. Nf3 Bb4+ 4. Nbd2 O-O 5. a3 Bxd2+ 6. Bxd2 d6 7. Bg5 h6 8.
Bh4 Nbd7 9. e3 e5 10. Be2 Re8 11. h3 Qe7 12. Qc2 c5 13. d5 e4 14. Nd2 g5 15.
Bg3 Nf8 16. h4 Bf5 17. hxg5 hxg5 18. O-O-O Bg6 19. Nb1 N8d7 20. Nc3 a6 21. Kb1
Ne5 22. Ka1 Kg7 23. Qb3 Rab8 24. Na4 b5 25. cxb5 c4 26. Qb4 Rxb5 27. Qc3 Nxd5
28. Bxe5+ Qxe5 29. Qxe5+ Rxe5 30. Bxc4 Ra5 31. Bxd5 Raxd5 32. Nc3 Rd3 33. Rxd3
exd3 34. Rd1 d5 35. b4 Kf8 36. Kb2 Ke7 37. Rd2 g4 38. g3 Be4 39. Na4 a5 40. Kc3
axb4+ 41. axb4 Re6 42. Nc5 Rc6 43. Rb2 Kd6 44. Kd4 f5 45. Ra2 Rb6 46. Kc3 Rc6
47. Ra6 Rxa6 48. Nxa6 Kc6 49. Nc5 Kb5 50. Nxd3 Bf3 51. Nf4 Be4 52. Ne6 Kc6 53.
Kd4 Kb5 54. Nf4 Kxb4 55. Nxd5+ Kb3 56. Ne7 Kc2 57. Ke5 Kd3 58. Nxf5 Bf3 59. Nd4
Bb7 60. Kf4 Bc8 61. Nf5 Ke2 62. e4 Kxf2 63. Ng7 1-0

[Event "12.PSF-A"]
[Site "Prague"]
[Date "2016.06.24"]
[Round "7.6"]
[White "Docekalova, Alexandra"]
[Black "Haba, Zdenek"]
[Result "0-1"]
[WhiteElo "1855"]
[BlackElo "2233"]
[PlyCount "40"]
[EventDate "2016.06.25"]
[EventType "swiss"]
[EventRounds "9"]
[EventCountry "CZE"]

1. e3 g6 2. Nf3 Bg7 3. d4 Nf6 4. b3 c5 5. Bb2 cxd4 6. exd4 O-O 7. Be2 d5 8. Ne5
Bf5 9. g4 Be6 10. Nd2 Qa5 11. O-O Nc6 12. f4 Qb6 13. Nxc6 bxc6 14. f5 gxf5 15.
gxf5 Bd7 16. Bd3 c5 17. Nf3 c4 18. Be2 Bxf5 19. Ba3 Bh3 20. Bc5 Qe6 0-1

[Event "12.PSF-A"]
[Site "Prague"]
[Date "2016.06.24"]
[Round "7.7"]
[White "Vystrcil, Martin"]
[Black "Doring, Robert"]
[Result "1/2-1/2"]
[WhiteElo "2033"]
[BlackElo "2159"]
[PlyCount "49"]
[EventDate "2016.06.25"]
[EventType "swiss"]
[EventRounds "9"]
[EventCountry "CZE"]

1. e4 e5 2. Nf3 Nc6 3. Nc3 g6 4. d4 exd4 5. Nxd4 Bg7 6. Be3 d6 7. Bc4 Nf6 8.
O-O O-O 9. f3 a6 10. a4 Ne5 11. Ba2 c5 12. Nde2 Be6 13. Nd5 Nxd5 14. Bxd5 Nc4
15. Bxc4 Bxc4 16. Rb1 Qe7 17. b3 Be6 18. Nf4 f5 19. Nxe6 Qxe6 20. Qd5 Qxd5 21.
exd5 f4 22. Bf2 Bc3 23. Be1 Bd4+ 24. Bf2 Bc3 25. Be1 1/2-1/2

[Event "12.PSF-A"]
[Site "Prague"]
[Date "2016.06.24"]
[Round "7.8"]
[White "Benes, Petr"]
[Black "Plchot, Miroslav"]
[Result "0-1"]
[WhiteElo "2015"]
[BlackElo "1884"]
[PlyCount "78"]
[EventDate "2016.06.25"]
[EventType "swiss"]
[EventRounds "9"]
[EventCountry "CZE"]

1. g3 e5 2. Bg2 Bc5 3. Nc3 Nf6 4. e4 Nc6 5. Nge2 O-O 6. O-O a5 7. d3 d6 8. h3
h6 9. Kh2 Nh7 10. Nd5 Ne7 11. Nxe7+ Qxe7 12. d4 Bb6 13. Be3 Rb8 14. Nc3 Be6 15.
Qd2 f5 16. exf5 Rxf5 17. Nd5 Bxd5 18. Bxd5+ Kh8 19. Be4 Rff8 20. Bg2 Bxd4 21.
Bxd4 exd4 22. Qxd4 b6 23. Bc6 Ng5 24. f4 Ne6 25. Qe3 Qf6 26. c3 b5 27. Rae1 Nc5
28. b3 b4 29. c4 Rb6 30. Bf3 a4 31. Bd1 axb3 32. axb3 Ra6 33. Bc2 Ra2 34. Rf2
Ra3 35. Rfe2 Ra2 36. Bb1 Ra3 37. Bc2 Ra2 38. h4 Qf7 39. Kh3 Rxc2 0-1

[Event "12.PSF-A"]
[Site "Prague"]
[Date "2016.06.24"]
[Round "7.9"]
[White "Ayriyan, Bella"]
[Black "Janacek, Jaroslav"]
[Result "1-0"]
[WhiteElo "1858"]
[BlackElo "2008"]
[PlyCount "85"]
[EventDate "2016.06.25"]
[EventType "swiss"]
[EventRounds "9"]
[EventCountry "CZE"]

1. e4 d6 2. Nf3 Nf6 3. Nc3 g6 4. d4 Bg7 5. Be2 O-O 6. O-O Bg4 7. h3 Bxf3 8.
Bxf3 Nc6 9. Be3 e5 10. d5 Ne7 11. Qd2 Kh8 12. Bh6 Nfg8 13. Bxg7+ Kxg7 14. g4 h6
15. Kh2 g5 16. Ne2 Ng6 17. Ng3 N8e7 18. Rg1 Nh4 19. Be2 Neg6 20. Raf1 Rh8 21.
Nf5+ Nxf5 22. exf5 Nf4 23. h4 f6 24. Rg3 Kf7 25. Rfg1 Kg7 26. Rb3 Rb8 27. Bf3
c6 28. c4 Qc7 29. Rc3 c5 30. h5 a6 31. Ra3 Rhc8 32. Rc1 b5 33. Rxa6 bxc4 34.
Rxc4 Qb7 35. Rca4 Rc7 36. Qa5 Rd7 37. b3 Qc8 38. Rc6 Qe8 39. Rc7 Rbd8 40. Rxd7+
Rxd7 41. Qa8 Kf7 42. Ra7 Rxa7 43. Qxa7+ {Zatim nevylusteno, vyhra bile v 54.
tahu} 1-0

[Event "12.PSF-A"]
[Site "Prague"]
[Date "2016.06.24"]
[Round "7.10"]
[White "Giacometto, Mario"]
[Black "Bartos, Miroslav"]
[Result "0-1"]
[WhiteElo "1906"]
[BlackElo "1862"]
[PlyCount "104"]
[EventDate "2016.06.25"]
[EventType "swiss"]
[EventRounds "9"]
[EventCountry "CZE"]

1. e4 g6 2. Nc3 Bg7 3. d4 d6 4. Bg5 h6 5. Bf4 a6 6. a4 b6 7. Nf3 Nd7 8. Bc4 e6
9. O-O Bb7 10. Qd2 g5 11. Bg3 Ngf6 12. Rfe1 Nh5 13. Rad1 Nxg3 14. hxg3 g4 15.
Nh2 h5 16. f4 gxf3 17. gxf3 Bh6 18. Qf2 Rg8 19. Nf1 Qg5 20. Kh1 Bf8 21. Qe3 Qg6
22. Re2 Bh6 23. Qg1 O-O-O 24. Rh2 f5 25. Bd3 f4 26. Rg2 fxg3 27. Nxg3 Qf6 28.
Rf1 Bf4 29. Nce2 Qh4+ 30. Qh2 Qxh2+ 31. Kxh2 Be3 32. Nh1 Rxg2+ 33. Kxg2 Rg8+
34. Kh3 e5 35. d5 Nc5 36. b3 Kd8 37. Kh2 h4 38. Nf2 Bc8 39. Nh3 Ke7 40. f4 exf4
41. Nexf4 Rg3 42. Ng1 Rxg1 43. Rxg1 Bxf4+ 44. Kh1 Nxd3 45. cxd3 Bg3 46. Kg2 Bg4
47. Rc1 Kd7 48. Rf1 Be2 49. Rf7+ Kc8 50. Rf8+ Kb7 51. d4 Bd1 52. a5 bxa5 0-1

[Event "12.PSF-A"]
[Site "Prague"]
[Date "2016.06.24"]
[Round "7.11"]
[White "Stojkovic, Andreja"]
[Black "Martirosyan, Ara"]
[Result "0-1"]
[WhiteElo "1877"]
[BlackElo "1767"]
[PlyCount "176"]
[EventDate "2016.06.25"]
[EventType "swiss"]
[EventRounds "9"]
[EventCountry "CZE"]

1. e4 c5 2. Nc3 Nc6 3. Nf3 g6 4. d4 cxd4 5. Nxd4 Bg7 6. Be3 Nf6 7. Be2 O-O 8.
O-O d5 9. exd5 Nxd5 10. Nxd5 Qxd5 11. Bf3 Qc4 12. Nxc6 bxc6 13. c3 Bf5 14. Qb3
Qa6 15. Bc5 Bf6 16. Rfe1 Rfe8 17. Qa3 Qb7 18. g3 Be6 19. Rad1 a6 20. Bd4 Bxd4
21. Rxd4 Red8 22. Red1 Rxd4 23. Rxd4 Bd5 24. Bxd5 cxd5 25. Qb4 Qxb4 26. Rxb4
Kg7 27. f4 Kf6 28. Kf2 a5 29. Rb5 Ke6 30. Ke3 Kd6 31. Kd4 e6 32. Rb7 f6 33.
Rb6+ Kd7 34. Rb7+ Kd6 35. Rb6+ Kd7 36. a4 Ra7 37. b3 Ra8 38. Rb7+ Kd6 39. Rb6+
Kd7 40. Rb5 Kd6 41. Rb6+ Kd7 42. c4 dxc4 43. bxc4 Ra7 44. c5 Ra8 45. Rd6+ Ke7
46. Kc4 Ra7 47. Rb6 g5 48. Kb5 gxf4 49. gxf4 Rc7 50. Ra6 e5 51. fxe5 fxe5 52.
Kb6 Kd7 53. Ra8 e4 54. Rh8 Rc6+ 55. Kb5 Rh6 56. c6+ Kc7 57. Re8 Rh5+ 58. Kc4
Rxh2 59. Rxe4 Rh5 60. Re6 Kb6 61. Kd4 Rh4+ 62. Kc3 Rxa4 63. c7+ Kxc7 64. Re7+
Kb6 65. Rxh7 Rg4 66. Rh6+ Kb5 67. Rh8 Rc4+ 68. Kd3 Rc7 69. Rb8+ Ka4 70. Rb1 Rc6
71. Ra1+ Kb5 72. Rb1+ Ka6 73. Rb8 a4 74. Rb1 Ka5 75. Rb8 a3 76. Rb1 Ka4 77. Ra1
Kb3 78. Rb1+ Ka2 79. Rf1 Kb2 80. Rf2+ Kb1 81. Rf1+ Rc1 82. Rf5 a2 83. Rb5+ Ka1
84. Kd2 Rb1 85. Ra5 Kb2 86. Rb5+ Ka3 87. Ra5+ Kb3 88. Ra6 a1=Q 0-1

[Event "12.PSF-A"]
[Site "Prague"]
[Date "2016.06.24"]
[Round "7.12"]
[White "Brcak, Marek"]
[Black "Pribylova, Sofie"]
[Result "1-0"]
[WhiteElo "1866"]
[BlackElo "1854"]
[PlyCount "87"]
[EventDate "2016.06.25"]
[EventType "swiss"]
[EventRounds "9"]
[EventCountry "CZE"]

1. e4 c6 2. d4 d5 3. Nc3 dxe4 4. Nxe4 Bf5 5. Ng3 Bg6 6. h4 h6 7. h5 Bh7 8. Nf3
e6 9. Bd3 Bxd3 10. Qxd3 Nd7 11. Bf4 Qa5+ 12. Bd2 Bb4 13. Ne4 Bxd2+ 14. Nfxd2
Qb4 15. a3 Qe7 16. Nc4 b5 17. Ne5 Rc8 18. Qg3 Kf8 19. Nxf7 Qxf7 20. Nd6 Qf6 21.
Nxc8 Ne7 22. Qd6 Kf7 23. Qxe7+ Qxe7 24. Nxe7 Kxe7 25. O-O-O Rf8 26. f3 Nf6 27.
Rde1 Nd5 28. Re5 Rf4 29. c3 a5 30. Rhe1 Rf6 31. Kc2 a4 32. R1e4 Kf7 33. Rg4 Kf8
34. Kd3 Nf4+ 35. Rxf4 Rxf4 36. Rxe6 Rh4 37. Rxc6 Rxh5 38. Re6 Kf7 39. Re2 g5
40. c4 bxc4+ 41. Kxc4 Rh4 42. Kc5 g4 43. fxg4 Rxg4 44. d5 1-0

[Event "12.PSF-A"]
[Site "Prague"]
[Date "2016.06.24"]
[Round "7.13"]
[White "Hacaperka, Michal"]
[Black "Hernandez, Yanez Javier"]
[Result "1-0"]
[WhiteElo "1861"]
[BlackElo "1919"]
[PlyCount "103"]
[EventDate "2016.06.25"]
[EventType "swiss"]
[EventRounds "9"]
[EventCountry "CZE"]

1. e4 e6 2. d3 d5 3. Nd2 c5 4. g3 Bd6 5. Bg2 Ne7 6. Ngf3 Nbc6 7. O-O O-O 8. Re1
Qc7 9. Nf1 Bd7 10. Qe2 f6 11. h4 b5 12. N3h2 c4 13. c3 cxd3 14. Qxd3 d4 15.
cxd4 Nb4 16. Qe2 Nc2 17. Bh6 Nxd4 18. Qg4 Ng6 19. e5 Bxe5 20. Bxa8 f5 21. Qd1
Rxa8 22. Be3 Nc6 23. h5 Nge7 24. Re2 Nd5 25. Bg5 h6 26. Bh4 Bd4 27. Rc1 Bb6 28.
Nf3 Rf8 29. Ne5 Qb7 30. Nxc6 Bxc6 31. Rxe6 Nb4 32. Rexc6 Nxc6 33. Qd5+ Qf7 34.
Qxf7+ Rxf7 35. Rxc6 Rd7 36. Rc2 Rd3 37. Kg2 Kf7 38. Rd2 Rxd2 39. Nxd2 Ke6 40.
Kf3 a5 41. b3 Kd5 42. Ke2 Kd4 43. Be7 Kc3 44. Bf8 Bd4 45. f4 Kc2 46. Nf3 Bf6
47. Bc5 Kb2 48. Kd3 Kxa2 49. Kc2 a4 50. bxa4 bxa4 51. Nd4 a3 52. Nxf5 1-0

[Event "12.PSF-A"]
[Site "Prague"]
[Date "2016.06.24"]
[Round "7.14"]
[White "Pribyl, Viktor"]
[Black "Fabian, Jan"]
[Result "0-1"]
[WhiteElo "1892"]
[BlackElo "1302"]
[PlyCount "106"]
[EventDate "2016.06.25"]
[EventType "swiss"]
[EventRounds "9"]
[EventCountry "CZE"]

1. d4 Nf6 2. Bf4 d6 3. e3 Nbd7 4. Nf3 h6 5. h3 g5 6. Bg3 Bg7 7. Be2 c6 8. O-O
Qb6 9. Qc1 Ne4 10. Bh2 Nf8 11. Nbd2 Nxd2 12. Nxd2 Be6 13. Nc4 Qc7 14. Nd2 h5
15. Qd1 g4 16. hxg4 hxg4 17. Bxg4 O-O-O 18. f4 f5 19. Bf3 Ng6 20. c4 Nh4 21. d5
Bd7 22. Rb1 Rdg8 23. b4 Bf6 24. Qe2 Rg7 25. Rbc1 Rhg8 26. Rf2 e6 27. b5 cxd5
28. Nb3 Nxf3+ 29. Qxf3 dxc4 30. Rfc2 d5 31. a4 Kb8 32. Nd4 Qc5 33. Qd1 Qa3 34.
Re2 Bxd4 35. exd4 a6 36. Ra1 Qh3 37. Qc2 axb5 38. axb5 Bxb5 39. Qa2 Ba6 40. Kh1
Qd3 41. Rxe6 Rxg2 42. Qxg2 Rxg2 43. Kxg2 Qxd4 44. Rb1 Kc8 45. Rbe1 Qb2+ 46.
R1e2 Qg7+ 47. Kh1 c3 48. Re8+ Kd7 49. R2e7+ Qxe7 50. Rxe7+ Kxe7 51. Bg1 Kd6 52.
Kg2 c2 53. Be3 d4 0-1

[Event "12.PSF-A"]
[Site "Prague"]
[Date "2016.06.24"]
[Round "7.15"]
[White "Kunc, Jan"]
[Black "Aubrecht, Petr"]
[Result "0-1"]
[WhiteElo "1770"]
[BlackElo "1890"]
[PlyCount "124"]
[EventDate "2016.06.25"]
[EventType "swiss"]
[EventRounds "9"]
[EventCountry "CZE"]

1. e4 c5 2. Nf3 d6 3. d4 cxd4 4. Nxd4 Nf6 5. Nc3 a6 6. Bc4 e6 7. Bb3 Nc6 8. O-O
Be7 9. Be3 Qc7 10. f4 Na5 11. Qf3 Nc4 12. Bxc4 Qxc4 13. f5 e5 14. Nde2 b5 15.
a3 Bb7 16. Ng3 d5 17. Nxd5 Nxd5 18. exd5 Bxd5 19. Qf2 f6 20. Rad1 Kf7 21. Rd3
Qc6 22. Rfd1 Rhd8 23. Nh5 Be4 24. Rxd8 Rxd8 25. Rxd8 Bxd8 26. c3 Qd5 27. Ng3
Qd1+ 28. Qf1 Qc2 29. Nxe4 Qxe4 30. Bc5 Be7 31. Bb6 Qc2 32. c4 bxc4 33. h3 g6
34. fxg6+ hxg6 35. Ba5 Bc5+ 36. Kh2 Bd4 37. Bc3 Qd3 38. Qc1 Be3 39. Qe1 Bf4+
40. Kh1 Bg3 41. Qg1 Ke6 42. Be1 Bf4 43. Qb6+ Kf5 44. Qf2 Ke4 45. Bc3 Bg3 46.
Qg1 f5 47. Be1 f4 48. Bxg3 fxg3 49. Qe1+ Qe3 50. Qd1 Qf2 51. Qg4+ Ke3 52. Qd1
Qe2 53. Qc1+ Ke4 54. Qb1+ Kf4 55. Qc1+ Kf5 56. Qb1+ e4 57. Qc1 e3 58. Qb1+ Qd3
59. Qe1 Kf4 60. Qc1 Ke4 61. Qe1 e2 62. Qg1 Qd1 0-1

[Event "12.PSF-A"]
[Site "Prague"]
[Date "2016.06.24"]
[Round "7.16"]
[White "Lhotsky, Zdenek"]
[Black "Kozlova, Lucie"]
[Result "1-0"]
[WhiteElo "1684"]
[BlackElo "1636"]
[PlyCount "93"]
[EventDate "2016.06.25"]
[EventType "swiss"]
[EventRounds "9"]
[EventCountry "CZE"]

1. e4 e5 2. Nf3 Nc6 3. Bb5 Nd4 4. Nxd4 exd4 5. d3 c6 6. Bc4 Nf6 7. O-O Be7 8.
e5 Nd5 9. Qf3 Qa5 10. Qg4 g6 11. Qxd4 Rg8 12. Bxd5 Qxd5 13. Qxd5 cxd5 14. Nc3
d4 15. Nb5 Kd8 16. Nxd4 d6 17. exd6 Bxd6 18. Bg5+ Kc7 19. Rfe1 Bd7 20. Be7 Bf4
21. g3 Bh6 22. Bf6 Rge8 23. Re5 Bd2 24. c3 a6 25. Rd1 Bh6 26. Rde1 Bf8 27. Rxe8
Rxe8 28. Rxe8 Bxe8 29. f4 b5 30. b4 Bd7 31. Kf2 Kd6 32. Ke3 Kd5 33. Nf3 h6 34.
Bd4 Be6 35. Ne5 Bc8 36. Nxf7 Bb7 37. h4 Bc8 38. Ne5 g5 39. hxg5 hxg5 40. fxg5
Bf5 41. Kf4 Bh7 42. g6 Bg8 43. g4 Ke6 44. g5 Bd6 45. Ke4 Be7 46. Nf7 Bf8 47.
Nh6 1-0